| 000 | 01715nam a2200493 i 4500 | ||
|---|---|---|---|
| 001 | 20041 | ||
| 003 | KOSZ 005 | ||
| 005 | 20200116135916.0 | ||
| 008 | 991116s1981 pl a |000 0 pol | ||
| 015 | _aPB 1982/1541 | ||
| 035 | _a991011946129705066 | ||
| 035 | _a(PL-WaBN)b13240651-48omnis_nlop | ||
| 035 | _ab13240651 | ||
| 035 | _a(OCoLC)830301532 | ||
| 035 | _a(PL)b0000001324065 | ||
| 035 | _a(EXLNZ-48OMNIS_NETWORK)9910082888605606 | ||
| 040 |
_aWA N _cWA N _dKOSZ 005/EG |
||
| 041 | 0 | _apol | |
| 046 | _k1979 | ||
| 080 | _a141.8 | ||
| 080 | _a(075.8) | ||
| 100 | 1 |
_aSynowiecki, Adam _d(1929-2000) _eAutor |
|
| 245 | 1 | 0 |
_aWęzłowe zagadnienia filozofii : _bskrypt przeznaczony dla studentów zaocznych i wieczorowych wszystkich kierunków Politechniki Gdańskiej / _cAdam Synowiecki, Adam Pawlak ; pod red. A. Synowieckiego ; Politechnika Gdańska. |
| 250 | _a[Wyd. 2]. | ||
| 260 |
_aGdańsk : _bWydaw. PG, _c1981. |
||
| 300 |
_a134 s. : _b4 il. ; _c24 cm. |
||
| 336 |
_2rdacontent _aTekst _btxt |
||
| 337 |
_2rdamedia _aBez urządzenia pośredniczącego _bn |
||
| 338 |
_2rdacarrier _aWolumin _bnc |
||
| 380 | _aKsiążki | ||
| 385 |
_mPoziom nauczania _aSzkoły wyższe |
||
| 388 | _a1901-2000 | ||
| 388 | _a1945-1989 | ||
| 504 | _aBibliogr. s. 134. | ||
| 650 | 7 |
_aMarksizm _2DBN |
|
| 650 | 7 | _aHistoria | |
| 655 | 7 |
_aPodręczniki akademickie _2DBN |
|
| 658 | _aFilozofia i etyka | ||
| 700 | 1 |
_aPawlak, Adam _eAutor |
|
| 710 | 2 |
_aWydawnictwo Politechniki Gdańskiej _4pbl |
|
| 856 |
_uhttp://koha.tu.koszalin.pl/cgi-bin/koha/opac-detail.pl?biblionumber=20041 _yKatalog online BPK |
||
| 942 |
_2UKD _cKS |
||
| 999 |
_c20041 _d20041 |
||